| 000 | 00353nam a22001457a 4500 | ||
|---|---|---|---|
| 020 | _qPB. | ||
| 040 | _cFIZZA ISHAQ | ||
| 082 |
_a624.0681 _bGIL |
||
| 100 |
_aTHOMSON, GILL. _991199 |
||
| 245 |
_aCONSTRUCTION PARTNERING AND INTEGRATED TEAM / _cGILL THOMSON. |
||
| 250 | _a1st ED. | ||
| 260 |
_bWILEY, _c2005. |
||
| 300 | _a235 P. ; | ||
| 942 |
_2ddc _cBK |
||
| 999 |
_c589361 _d589361 |
||